Fictional Characters from Texas - Statistics

General Stats
  • This quiz has been taken 70 times
  • The average score is 5 of 16
Answer Stats
Picture Answer % Correct
Sheldon Cooper
75%
Brian Griffin
71%
Sandy Cheeks
63%
Cordell Walker
56%
Hank Hill
56%
Lone Ranger
51%
Leatherface
48%
J. R. Ewing
38%
Ian Malcolm
25%
Sonya Blade
16%
Claire Underwood
11%
Tim Riggins
10%
Rust Cohle
8%
Jack Twist
6%
Asa Buchanan
5%
Ethan Edwards
3%
No matching quizzes found
Score Distribution
Percent of People with Each Score
Percentile by Number Answered
Your Score History
You have not taken this quiz